000 00636nam a2200229Ia 4500
005 20220713115217.0
008 131103s9999 xx 000 0 und d
040 _aLoreto College
041 _aEnglish
082 _a307.72
_bMIS
245 _aRural geography
_cedited by H.N.Misra
260 _aNew Delhi
_bHeritage Publishers
_c1987
300 _axii,462 p.
440 _aContributions to Indian Geography; IX
504 _aIncludes bibliographical references and index
630 _aCommunities
650 _aRural Communities
651 _aSocial Science
700 _aMisra,H.N.,ed.
850 _aLCLIB
942 _cBK
999 _c11492
_d61971